Карманный немецко-русский словарь. (Record no. 67531)
[ view plain ]
| 000 -LEADER | |
|---|---|
| fixed length control field | 00786nam a22002177a 4500 |
| 003 - CONTROL NUMBER IDENTIFIER | |
| control field | SEM |
| 005 - DATE AND TIME OF LATEST TRANSACTION | |
| control field | 20241004102706.0 |
| 008 - FIXED-LENGTH DATA ELEMENTS--GENERAL INFORMATION | |
| fixed length control field | 171026b xxu||||| |||| 00| 0 rus |
| 040 ## - CATALOGING SOURCE | |
| Original cataloging agency | SEM |
| Transcribing agency | SEM |
| 041 1# - LANGUAGE CODE | |
| Language code of text/sound track or separate title | rus. |
| -- | germ. |
| 080 ## - UNIVERSAL DECIMAL CLASSIFICATION NUMBER | |
| Universal Decimal Classification number | 803.0-3=82/Л-61 |
| 100 1# - MAIN ENTRY--PERSONAL NAME | |
| Personal name | Липшиц Ольга Давыдовна |
| Fuller form of name | (Lipschiz O. D.) |
| 245 14 - TITLE STATEMENT | |
| Title | Карманный немецко-русский словарь. |
| Remainder of title | 9000 слов. / |
| Statement of responsibility, etc. | О. Липшиц |
| 246 11 - VARYING FORM OF TITLE | |
| Title proper/short title | Deutsch-Russisches taschen-Wörterbuch. |
| Remainder of title | 9000 Stichwörter. |
| 250 ## - EDITION STATEMENT | |
| Edition statement | 18-е изд, |
| Remainder of edition statement | стереотипное |
| 260 ## - PUBLICATION, DISTRIBUTION, ETC. | |
| Place of publication, distribution, etc. | Москва: |
| Name of publisher, distributor, etc. | изд. «Русский язык», |
| Date of publication, distribution, etc. | 1981. |
| 300 ## - PHYSICAL DESCRIPTION | |
| Extent | 319 с.; |
| Dimensions | 13 см. |
| 650 ## - SUBJECT ADDED ENTRY--TOPICAL TERM | |
| Topical term or geographic name entry element | Немецко-русский словарь |
| 653 ## - INDEX TERM--UNCONTROLLED | |
| Uncontrolled term | ՍԷՄ |
| 942 ## - ADDED ENTRY ELEMENTS (KOHA) | |
| Source of classification or shelving scheme | Universal Decimal Classification |
| Koha item type | Գրքեր/Books |
| Withdrawn status | Lost status | Source of classification or shelving scheme | Damaged status | Not for loan | Collection code | Home library | Current library | Date acquired | Inventory number | Total Checkouts | Full call number | Barcode | Date last seen | Price effective from | Koha item type | Public note |
|---|---|---|---|---|---|---|---|---|---|---|---|---|---|---|---|---|
| Universal Decimal Classification | Գրապահոց | Մայր Աթոռ Սուրբ Էջմիածին «Վաչե և Թամար Մանուկյան» Մատենադարան | Մայր Աթոռ Սուրբ Էջմիածին «Վաչե և Թամար Մանուկյան» Մատենադարան | 26/10/2017 | Рус-8511 | 803.0-3=82/Л-61 | Рус-8511 | 26/10/2017 | 08/06/2022 | Գրքեր/Books | Սպասարկվում է ընթերցասրահ |